[Event "V Torneo Sudamericano Sub-20, Femenino"]
[Site "Cochabamba"]
[Date "2009.04.09"]
[Round "3"]
[White "Feliciano, Vanessa"]
[Black "Romero, Abigail"]
[Result "0-1"]
[WhiteElo "2112"]
[BlackElo "2057"]
[Annotator ",Toshiba"]
[PlyCount "134"]
[EventCountry "BOL"]
[SourceDate "2009.04.08"]

1. e4 c5 2. Nf3 e6 3. d3 Nc6 4. g3 g6 5. Bg2 Bg7 6. O-O Nge7 7. Re1 d6 8. c3
O-O 9. d4 cxd4 10. cxd4 Qb6 11. e5 dxe5 12. dxe5 Nf5 13. Na3 Rd8 14. Qe2 h5 15.
Bf4 Qb4 16. Rad1 Bd7 17. Bg5 Nce7 18. Nh4 Nxh4 19. Bxh4 Ba4 20. Rxd8+ Rxd8 21.
Bg5 Rc8 22. Qd2 Qxd2 23. Bxd2 Bc6 24. f4 Bf8 25. Bb4 Bxg2 26. Kxg2 Nd5 27. Bxf8
Kxf8 28. Re2 Rc5 29. Kf3 Nb4 30. b3 b5 31. Rd2 Ke7 32. Ke4 a6 33. Nb1 Rc1 34.
Rb2 Nxa2 35. Rxa2 Rxb1 36. Rxa6 Rxb3 37. Ra7+ Kf8 38. Rb7 Rb2 39. Kf3 Kg7 40.
h3 Rb3+ 41. Kg2 Rb2+ 42. Kf3 b4 43. g4 Rb3+ 44. Kg2 h4 45. g5 Rg3+ 46. Kh2 b3
47. Rb8 Rc3 48. Kg2 Rg3+ 49. Kh2 Rf3 50. Rb4 b2 51. Rxb2 Rxf4 52. Re2 Rf5 53.
Re3 Rxg5 54. Re4 Rf5 55. Kg2 g5 56. Re2 Kg6 57. Re4 Rf4 58. Re2 Kf5 59. Re1 f6
60. exf6 Kxf6 61. Re2 Kf5 62. Re1 e5 63. Re2 e4 64. Re3 Ke5 65. Ra3 Rf5 66. Ra1
Rf3 67. Ra2 Rg3+ 0-1

[Event "V Torneo Sudamericano Sub-20, Femenino"]
[Site "Cochabamba"]
[Date "2009.04.09"]
[Round "3"]
[White "Cordero, Daniela"]
[Black "Borda, Carla"]
[Result "1-0"]
[WhiteElo "1969"]
[BlackElo "2022"]
[Annotator ",Toshiba"]
[PlyCount "125"]
[EventCountry "BOL"]
[SourceDate "2009.04.08"]

1. d4 Nf6 2. Nf3 e6 3. c4 d5 4. g3 Nbd7 5. Bg2 Be7 6. O-O O-O 7. Qc2 Re8 8.
Nbd2 c6 9. e4 dxe4 10. Nxe4 Nxe4 11. Qxe4 Nf6 12. Qc2 Qb6 13. c5 Qd8 14. Rd1
Nd5 15. Ne5 f6 16. Nf3 Qc7 17. a3 Rd8 18. b4 Bd7 19. Bf1 Be8 20. Bd3 g6 21. Re1
Bf7 22. h4 f5 23. Ne5 Bf6 24. Bc4 Kg7 25. Qd2 Kg8 26. Qe2 Nc3 27. Qe3 Nd5 28.
Qf3 Bg7 29. Bg5 Re8 30. Re2 h6 31. Bd2 Rad8 32. Rae1 Kh7 33. Bc1 Kg8 34. Ba2
Qe7 35. Bb2 Qc7 36. Bc4 Qe7 37. b5 Qc7 38. a4 Kh7 39. Ba2 a6 40. Bc4 axb5 41.
axb5 Bg8 42. Kh2 Re7 43. bxc6 bxc6 44. Ra1 Ree8 45. Ra6 Bxe5 46. Rxe5 Qb7 47.
Bc1 Ra8 48. Rxa8 Qxa8 49. Bxd5 cxd5 50. Qf4 Kg7 51. Qxh6+ Kf7 52. h5 gxh5 53.
Qxh5+ Ke7 54. Qg5+ Kd7 55. Qd2 Bf7 56. Kg2 Qb7 57. Qc2 Qb4 58. Qd3 Rb8 59. Re2
Qb3 60. Qa6 Qb7 61. Qd6+ Ke8 62. Bh6 Qb5 63. Qf8+ 1-0

[Event "V Torneo Sudamericano Sub-20, Absoluto"]
[Site "Cochabamba"]
[Date "2009.04.09"]
[Round "3"]
[White "Fier, Alexander"]
[Black "Diaz, Ciro"]
[Result "1-0"]
[WhiteElo "2595"]
[BlackElo "2347"]
[PlyCount "69"]
[EventType "tourn"]
[EventCountry "BOL"]
[SourceDate "2009.04.08"]

1. d4 Nf6 2. c4 g6 3. Nc3 Bg7 4. e4 O-O 5. Nf3 d6 6. Be2 e5 7. O-O Nc6 8. d5
Ne7 9. b4 Nh5 10. Re1 f5 11. Ng5 Nf6 12. Bf3 c6 13. Bb2 h6 14. Ne6 Bxe6 15.
dxe6 fxe4 16. Nxe4 Nxe4 17. Rxe4 Nf5 18. b5 Qe8 19. Re1 Rf6 20. bxc6 bxc6 21.
Qa4 Rc8 22. c5 Rxe6 23. cxd6 Rxd6 24. Qxa7 c5 25. Rab1 Rd7 26. Qa6 Rd6 27. Qc4+
Kh8 28. a4 Nd4 29. Be4 Qe6 30. Qxe6 Rxe6 31. a5 Rc7 32. Bc3 Bf8 33. Bb7 Nc6 34.
a6 Bd6 35. Rb6 1-0

[Event "V Torneo Sudamericano Sub-20, Absoluto"]
[Site "Cochabamba"]
[Date "2009.04.09"]
[Round "3"]
[White "Parada, Felipe"]
[Black "Espinoza, Willian"]
[Result "0-1"]
[WhiteElo "1960"]
[BlackElo "2281"]
[PlyCount "76"]
[EventType "tourn"]
[EventCountry "BOL"]
[SourceDate "2009.04.08"]

1. e4 e5 2. d4 exd4 3. Qxd4 Nc6 4. Qe3 Nf6 5. Nc3 Bb4 6. Bd2 O-O 7. Bc4 Bxc3 8.
Bxc3 Nxe4 9. Ne2 Nxc3 10. Qxc3 d6 11. O-O Bd7 12. Ng3 Qg5 13. Kh1 Rae8 14. f4
Qc5 15. Rae1 Na5 16. b3 d5 17. Nh5 f6 18. Qg3 Rf7 19. Bd3 Qd6 20. Qh4 g6 21.
Ng3 Nc6 22. a4 Nb4 23. f5 g5 24. Qg4 Nxd3 25. Rxe8+ Bxe8 26. cxd3 Re7 27. Qd4
c5 28. Qc3 d4 29. Qc2 Bc6 30. Nh5 Kf7 31. Ng3 Re3 32. Qd1 Qe5 33. Qh5+ Kg7 34.
Qh3 Qd5 35. Nh5+ Kf7 36. Ng3 Kg8 37. Rg1 Rxd3 38. Qh6 Qxg2+ 0-1

[Event "V Torneo Sudamericano Sub-20, Absoluto"]
[Site "Cochabamba"]
[Date "2009.04.09"]
[Round "3"]
[White "Rozo, Paulo"]
[Black "Carlo, Daniel"]
[Result "0-1"]
[WhiteElo "1924"]
[BlackElo "2116"]
[Annotator ",Toshiba"]
[PlyCount "36"]
[EventType "tourn"]
[EventCountry "BOL"]
[SourceDate "2009.04.08"]

1. e4 d5 2. exd5 Qxd5 3. Nc3 Qd6 4. d4 Nf6 5. g3 Bg4 6. Qd3 Nc6 7. f3 Nb4 8.
Qe2 Bf5 9. Ne4 Qd5 10. a3 Nxc2+ 11. Qxc2 Nxe4 12. Qa4+ Bd7 13. Qc2 Nd6 14. Be3
g6 15. Bg2 Nf5 16. Bf2 Nxd4 17. Bxd4 Qxd4 18. Ne2 Qb6 0-1

[Event "V Torneo Sudamericano Sub-20, Absoluto"]
[Site "Cochabamba"]
[Date "2009.04.09"]
[Round "3"]
[White "Llacsahuanga, Diego"]
[Black "Sartori, Sergio"]
[Result "1/2-1/2"]
[WhiteElo "1830"]
[BlackElo "2051"]
[Annotator ",Toshiba"]
[PlyCount "98"]
[EventType "tourn"]
[EventCountry "BOL"]
[SourceDate "2009.04.08"]

1. Nf3 d6 2. d4 g6 3. c4 Bg7 4. Nc3 Nf6 5. g3 O-O 6. Bg2 c6 7. O-O Qc7 8. e4 e5
9. h3 Qe7 10. c5 dxc5 11. dxe5 Nfd7 12. Bg5 Qe6 13. Be3 Na6 14. Ng5 Qxe5 15. f4
Qe7 16. e5 Rd8 17. Qe2 Nb6 18. Nge4 Be6 19. Nd6 f6 20. Nce4 Nd5 21. Nxc5 fxe5
22. Ndxb7 Nxc5 23. Nxc5 exf4 24. Bf2 Rd6 25. Bxd5 cxd5 26. Rae1 Re8 27. gxf4 d4
28. Qb5 Qf7 29. Nxe6 Rdxe6 30. Rxe6 Rxe6 31. Qb8+ Qf8 32. Qxa7 Qxf4 33. Qa8+
Qf8 34. Qxf8+ Bxf8 35. Bxd4 Bd6 36. Rf6 Rxf6 37. Bxf6 Kf7 38. Bc3 Ke6 39. Kg2
h5 40. Kf3 Kf5 41. a4 g5 42. a5 g4+ 43. Kg2 Ke4 44. b4 Kd5 45. b5 gxh3+ 46.
Kxh3 Kc5 47. b6 Kb5 48. Be1 Ka6 49. Kg2 Bc5 1/2-1/2

[Event "V Torneo Sudamericano Sub-20, Absoluto"]
[Site "Cochabamba"]
[Date "2009.04.09"]
[Round "3"]
[White "Guerra, Lenin"]
[Black "Diamant, Andre"]
[Result "1/2-1/2"]
[WhiteElo "2343"]
[BlackElo "2506"]
[Annotator ",Toshiba"]
[PlyCount "92"]
[EventType "tourn"]
[EventCountry "BOL"]
[SourceDate "2009.04.08"]

1. e4 c5 2. Nf3 e6 3. d4 cxd4 4. Nxd4 Nc6 5. Nc3 Qc7 6. f4 a6 7. Nxc6 bxc6 8.
e5 d5 9. exd6 Bxd6 10. Ne4 Be7 11. Bd3 Nf6 12. Qf3 Bb7 13. O-O g6 14. Bd2 O-O
15. Bc3 Nd5 16. Be5 Qb6+ 17. Kh1 c5 18. Qh3 f5 19. Nd2 a5 20. Qh6 Rf7 21. Rf3
Nf6 22. Rg3 Bf8 23. Qh4 Bg7 24. Nc4 Qc6 25. Nd6 Rff8 26. Bb5 Qb6 27. Rh3 Rad8
28. Nxb7 Qxb7 29. Bc4 Qc6 30. Bc3 h6 31. Re1 Rd6 32. Bxf6 Rxf6 33. Rhe3 Kh7 34.
Qf2 g5 35. fxg5 Rg6 36. c3 hxg5 37. Rh3+ Bh6 38. Qe2 g4 39. Rd3 Rxd3 40. Qxd3
Bg7 41. Qd8 Bf6 42. Qf8 Bh4 43. Qf7+ Kh6 44. Rxe6 Rxe6 45. Qxe6+ Qxe6 46. Bxe6
Kg6 1/2-1/2

[Event "V Torneo Sudamericano Sub-20, Absoluto"]
[Site "Cochabamba"]
[Date "2009.04.09"]
[Round "3"]
[White "Macias, Bryan"]
[Black "Mendoza, Rodrigo"]
[Result "1/2-1/2"]
[WhiteElo "2299"]
[BlackElo "1924"]
[Annotator ",Toshiba"]
[PlyCount "121"]
[EventType "tourn"]
[EventCountry "BOL"]
[SourceDate "2009.04.08"]

1. e4 c6 2. c4 e5 3. d4 Nf6 4. dxe5 Nxe4 5. a3 Bc5 6. Nh3 d5 7. b4 Bxh3 8. bxc5
Bf5 9. Be3 Qa5+ 10. Nd2 O-O 11. cxd5 cxd5 12. Qc1 Nc6 13. f3 d4 14. Bf4 Nxc5
15. Kf2 Bd3 16. Nc4 Qa6 17. Nb2 Bxf1 18. Qxf1 Qb6 19. Nd3 Qb5 20. Nxc5 Qxc5 21.
Qc1 Qd5 22. Re1 Rac8 23. Qd2 Na5 24. Rad1 Rfd8 25. Bg5 Rd7 26. Qf4 Rc2+ 27. Kg1
d3 28. Qg3 d2 29. Rf1 Qc5+ 30. Kh1 Nc4 31. Bf6 g6 32. Qh3 Rc7 33. Qh6 Qf8 34.
Qh4 Rd7 35. Qe4 Nxa3 36. Qa4 b5 37. Qb3 a5 38. f4 a4 39. Qh3 Rdc7 40. f5 Rc1
41. fxg6 fxg6 42. Qe6+ Qf7 43. Qd6 Rd7 44. Qxa3 Rxd1 45. Rxd1 Qb3 46. Qxb3+
axb3 47. e6 Rd6 48. e7 Kf7 49. Bg5 Ke8 50. h4 b2 51. Kh2 b1=Q 52. Rxb1 d1=Q 53.
Rxb5 Re6 54. Rb8+ Kf7 55. Rf8+ Kg7 56. e8=Q Rxe8 57. Rxe8 h6 58. Be3 Qa4 59.
Re5 Qxh4+ 60. Kg1 Qg4 61. Bf2 1/2-1/2

[Event "V Torneo Sudamericano Sub-20, Femenino"]
[Site "Cochabamba"]
[Date "2009.04.10"]
[Round "4"]
[White "Mendoza, Samantha"]
[Black "Orejuela, Paulina"]
[Result "0-1"]
[WhiteElo "1827"]
[BlackElo "1883"]
[PlyCount "76"]
[EventCountry "BOL"]
[SourceDate "2009.04.08"]

1. e4 e5 2. d4 exd4 3. Qxd4 Nc6 4. Qe3 Nf6 5. Nc3 Bb4 6. Bd2 O-O 7. O-O-O Re8
8. f3 d6 9. g4 d5 10. Nxd5 Nxd5 11. Qb3 Be6 12. Bxb4 Ncxb4 13. exd5 Qg5+ 14.
Kb1 Nxd5 15. Bc4 c6 16. h4 Qe5 17. Nh3 b5 18. Bxd5 Bxd5 19. Qd3 Rad8 20. Ka1
Qf6 21. g5 Qxf3 22. Rhe1 Qxd3 23. cxd3 Bf3 24. Rc1 Kf8 25. Nf2 Rxe1 26. Rxe1
Rd4 27. Re3 Bd5 28. Rh3 Ra4 29. a3 b4 30. d4 bxa3 31. Rxa3 Rxd4 32. Rh3 Ke7 33.
Kb1 Rd2 34. Rh2 Bb3 35. Kc1 Rc2+ 36. Kb1 Ke6 37. Rg2 a5 38. Ka1 Rc1# 0-1

[Event "V Torneo Sudamericano Sub-20, Femenino"]
[Site "Cochabamba"]
[Date "2009.04.10"]
[Round "4"]
[White "Estrada, Lucia"]
[Black "Heredia, Carla"]
[Result "0-1"]
[WhiteElo "1887"]
[BlackElo "2097"]
[PlyCount "76"]
[EventCountry "BOL"]
[SourceDate "2009.04.08"]

1. d4 Nf6 2. Nf3 g6 3. c4 Bg7 4. Nc3 O-O 5. e4 d6 6. h3 Na6 7. Be3 e5 8. d5 Nc5
9. Bxc5 dxc5 10. g4 Ne8 11. Bd3 Nd6 12. Qe2 a6 13. Kd2 Bd7 14. Rag1 b5 15. b3
c6 16. g5 Qa5 17. Ra1 cxd5 18. cxd5 c4 19. Bc2 Rfc8 20. Qe3 cxb3 21. axb3 Qc7
22. Rac1 a5 23. Bd3 a4 24. bxa4 bxa4 25. Nxa4 Qa5+ 26. Nc3 Rab8 27. Be2 Rb3 28.
Bd3 Rcxc3 29. Rxc3 Rxc3 30. Ke2 Nc4 31. Bxc4 Rxe3+ 32. fxe3 Qc3 33. Nd2 Bf8 34.
Bd3 Bb4 35. Nf3 Qb2+ 36. Kf1 Qc1+ 37. Kg2 Qxe3 38. Bb1 Bc5 0-1

[Event "V Torneo Sudamericano Sub-20, Femenino"]
[Site "Cochabamba"]
[Date "2009.04.10"]
[Round "4"]
[White "Borda, Carla"]
[Black "Feliciano, Vanessa"]
[Result "0-1"]
[WhiteElo "2022"]
[BlackElo "2112"]
[PlyCount "124"]
[EventCountry "BOL"]
[SourceDate "2009.04.08"]

1. e4 c5 2. Nf3 Nc6 3. d3 g6 4. g3 Bg7 5. Bg2 e5 6. Nbd2 Nge7 7. O-O O-O 8. Nc4
d6 9. Be3 f5 10. Qc1 b5 11. Na3 Rb8 12. Bh6 f4 13. Bxg7 Kxg7 14. h3 h5 15. Nb1
Ng8 16. h4 Bg4 17. Nbd2 Nh6 18. c3 Qf6 19. Ng5 Be2 20. Re1 Bxd3 21. Ndf3 fxg3
22. fxg3 Ng4 23. Qd2 Bc4 24. b3 Bg8 25. Rad1 Rbd8 26. Rf1 Qe7 27. Qe2 b4 28. c4
Rf6 29. Bh3 Nh6 30. Nh2 Nd4 31. Qd3 Rdf8 32. Rxf6 Rxf6 33. Rf1 Nf7 34. Rxf6
Qxf6 35. Nhf3 Nd8 36. Nxd4 exd4 37. Qf1 Be6 38. Qxf6+ Kxf6 39. Bf1 Bg4 40. Bd3
Nc6 41. Kf2 Ne5 42. Bb1 Nf7 43. Nxf7 Kxf7 44. Bd3 Kf6 45. Bc2 g5 46. Bd3 gxh4
47. gxh4 Ke5 48. Kg3 Bd1 49. Bb1 Be2 50. Kf2 d3 51. Ke3 Bf1 52. Kf2 d2 53. Bc2
Bd3 54. Bd1 Kxe4 55. Bxh5 Kd4 56. Bd1 Kc3 57. h5 Bb1 58. Ke3 Bxa2 59. h6 Bb1
60. Kf2 Kb2 61. Kf1 Kc1 62. Ke2 Bg6 0-1

[Event "V Torneo Sudamericano Sub-20, Femenino"]
[Site "Cochabamba"]
[Date "2009.04.10"]
[Round "4"]
[White "Vargas, Gabriela"]
[Black "Cordero, Daniela"]
[Result "1-0"]
[WhiteElo "2090"]
[BlackElo "1969"]
[PlyCount "121"]
[EventCountry "BOL"]
[SourceDate "2009.04.08"]

1. d4 d5 2. Nf3 Nf6 3. e3 Bg4 4. Nbd2 c6 5. Be2 Nbd7 6. b3 e6 7. Bb2 Bd6 8. Ne5
Bxe2 9. Qxe2 O-O 10. O-O Re8 11. f4 Nf8 12. g4 N6d7 13. g5 Bxe5 14. dxe5 Qb6
15. Kh1 c5 16. e4 Ng6 17. exd5 exd5 18. Qg4 Qc6 19. h4 d4+ 20. Kh2 Nb6 21. h5
Nxe5 22. fxe5 Rxe5 23. Rae1 Rae8 24. Rxe5 Rxe5 25. Qf4 Qe6 26. Nf3 Re2+ 27. Kg3
Nd7 28. Nd2 Ne5 29. Nc4 Nxc4 30. Qb8+ Qe8 31. Qxe8+ Rxe8 32. bxc4 Re5 33. Bc1
Re6 34. Rf5 b6 35. Bf4 Kf8 36. Kf3 g6 37. hxg6 hxg6 38. Re5 Rc6 39. Ke4 f6 40.
gxf6 Rxf6 41. Rd5 Re6+ 42. Kd3 Re1 43. Rd7 a6 44. Ra7 a5 45. Bc7 Re3+ 46. Kd2
Rc3 47. Bxb6 Rxc4 48. Rxa5 Kf7 49. Rxc5 Ra4 50. Ra5 Rb4 51. Bc5 Rc4 52. a4 g5
53. Bd6 g4 54. Ra6 Ke6 55. Bg3+ Kd5 56. a5 Ke4 57. Rf6 Ra4 58. Rf4+ Ke5 59.
Rxg4+ Kf5 60. Rf4+ Kg5 61. Re4 1-0

[Event "V Torneo Sudamericano Sub-20, Absoluto"]
[Site "Cochabamba"]
[Date "2009.04.10"]
[Round "4"]
[White "Gallego, Andres"]
[Black "Fier, Alexander"]
[Result "0-1"]
[WhiteElo "2373"]
[BlackElo "2595"]
[PlyCount "96"]
[EventType "tourn"]
[EventCountry "BOL"]
[SourceDate "2009.04.08"]

1. e4 e5 2. Nf3 Nc6 3. Bb5 a6 4. Ba4 Nf6 5. O-O Be7 6. Re1 b5 7. Bb3 d6 8. c3
O-O 9. h3 Bb7 10. d4 Re8 11. Ng5 Rf8 12. Nf3 h6 13. Nbd2 Re8 14. a4 Bf8 15. Bc2
exd4 16. cxd4 Nb4 17. Bb1 c5 18. d5 Nd7 19. Ra3 c4 20. Nh2 Ne5 21. Rg3 Nbd3 22.
Ree3 g6 23. b3 Rc8 24. Ba3 Bg7 25. Bxd3 Nxd3 26. bxc4 bxc4 27. Nxc4 Nxf2 28.
Qe2 Nd1 29. Nxd6 Nxe3 30. Rxe3 Bxd5 31. e5 Qb6 32. Nxe8 Rxe8 33. Bd6 Rc8 34.
Nf1 Rc1 35. Qd2 Rb1 36. Bc7 Rxf1+ 37. Kxf1 Bc4+ 38. Kg1 Qxc7 39. Qc3 Qc6 40.
Kh2 Qe6 41. Qd4 Bd5 42. Qc3 h5 43. Qd4 Kh7 44. Re2 Bc6 45. a5 Bb5 46. Re1 Qa2
47. Qc3 Qf2 48. Re3 Bc6 0-1

[Event "V Torneo Sudamericano Sub-20, Absoluto"]
[Site "Cochabamba"]
[Date "2009.04.10"]
[Round "4"]
[White "Diamant, Andre"]
[Black "Espinoza, Willian"]
[Result "1-0"]
[WhiteElo "2506"]
[BlackElo "2281"]
[PlyCount "87"]
[EventType "tourn"]
[EventCountry "BOL"]
[SourceDate "2009.04.08"]

1. e4 e5 2. Nf3 Nc6 3. Bb5 a6 4. Ba4 Nf6 5. O-O Be7 6. Re1 b5 7. Bb3 d6 8. c3
O-O 9. h3 Na5 10. Bc2 c5 11. d4 Qc7 12. Nbd2 cxd4 13. cxd4 Nc6 14. Nb3 a5 15.
Be3 a4 16. Nbd2 Bd7 17. Rc1 Qb7 18. Qe2 Rfe8 19. a3 h6 20. Bd3 Rab8 21. dxe5
Nxe5 22. Nxe5 dxe5 23. Nf3 Bd8 24. Bc5 Re6 25. Rc2 Bc6 26. Nd2 Ba5 27. Bb4 Bb6
28. b3 Nd7 29. bxa4 Rf6 30. Rf1 bxa4 31. Nc4 Nc5 32. Bxc5 Bxc5 33. Nxe5 Bxa3
34. Nxc6 Rxc6 35. Ra1 Bd6 36. e5 Rxc2 37. Bxc2 Qb2 38. Re1 Bc5 39. Qe4 g6 40.
Rb1 Qxb1+ 41. Bxb1 Rb2 42. e6 Rxf2 43. exf7+ Rxf7+ 44. Kh2 1-0

[Event "V Torneo Sudamericano Sub-20, Absoluto"]
[Site "Cochabamba"]
[Date "2009.04.10"]
[Round "4"]
[White "Peña, Hugo"]
[Black "Macias, Bryan"]
[Result "0-1"]
[WhiteElo "2111"]
[BlackElo "2299"]
[PlyCount "108"]
[EventType "tourn"]
[EventCountry "BOL"]
[SourceDate "2009.04.08"]

1. e4 c5 2. Nf3 e6 3. d4 cxd4 4. Nxd4 a6 5. Bd3 g6 6. Nc3 Bg7 7. Nb3 Qc7 8. O-O
Nf6 9. Bg5 Nc6 10. Qd2 O-O 11. Rad1 d6 12. Be2 Ne8 13. Bh6 b5 14. Bxg7 Kxg7 15.
a3 Bb7 16. f4 Ne7 17. Kh1 Rd8 18. Nd4 Nf6 19. Qe3 Qb8 20. Bf3 Rfe8 21. e5 Nfd5
22. Nxd5 Nxd5 23. Bxd5 Bxd5 24. f5 dxe5 25. f6+ Kh8 26. Qh6 Rg8 27. Rd3 g5 28.
Rh3 Be4 29. Nc6 Qd6 30. Nxd8 Qxd8 31. Qh5 Bg6 32. Qe2 e4 33. Qe3 Qd5 34. Rg3 h6
35. h4 Rc8 36. hxg5 Rxc2 37. gxh6 Kh7 38. Rg5 Qd3 39. Re1 Rxb2 40. Rxg6 Kxg6
41. Qf4 Qd2 42. Qg4+ Kxh6 43. Qg7+ Kh5 44. Qxf7+ Kg5 45. Qg7+ Kh5 46. Rxe4 Rb1+
47. Kh2 Qd6+ 48. Qg3 Rh1+ 49. Kxh1 Qxg3 50. f7 Qg7 51. Rf4 Qf8 52. g3 Kg6 53.
Kg2 a5 54. Kf3 Qxa3+ 0-1

[Event "V Torneo Sudamericano Sub-20, Absoluto"]
[Site "Cochabamba"]
[Date "2009.04.10"]
[Round "4"]
[White "Parada, Felipe"]
[Black "Guerra, Lenin"]
[Result "0-1"]
[WhiteElo "1960"]
[BlackElo "2343"]
[PlyCount "92"]
[EventType "tourn"]
[EventCountry "BOL"]
[SourceDate "2009.04.08"]

1. e4 c5 2. Nf3 e6 3. d4 cxd4 4. Nxd4 Nc6 5. Nc3 Qc7 6. Be3 a6 7. a3 Nxd4 8.
Bxd4 Ne7 9. Be2 Nc6 10. Be3 b5 11. O-O Bb7 12. Kh1 b4 13. axb4 Nxb4 14. f4 Be7
15. f5 exf5 16. exf5 O-O 17. Rc1 Bf6 18. Bd4 Bg5 19. Rb1 Rfe8 20. Bf3 Bxf3 21.
Rxf3 f6 22. Bg1 Qc6 23. Rg3 a5 24. Rg4 Re5 25. Rd4 d5 26. Qf3 Rae8 27. Rbd1 Be3
28. Bxe3 Rxe3 29. Qf2 Nxc2 30. h3 Nxd4 31. Rxd4 Qd6 32. Qf4 Qxf4 33. Rxf4 Rc8
34. Rd4 Re5 35. g4 Kf7 36. Kg2 Ke7 37. Kf3 Rc6 38. Ne2 Rb6 39. Nf4 Kd6 40. Nd3
Re8 41. b4 Re4 42. Rxe4 dxe4+ 43. Kxe4 axb4 44. Kd4 b3 45. Kc3 Kd5 46. Kb2 Kc4
0-1

[Event "V Torneo Sudamericano Sub-20, Absoluto"]
[Site "Cochabamba"]
[Date "2009.04.10"]
[Round "4"]
[White "Diaz, Ciro"]
[Black "Mendoza, Rodrigo"]
[Result "1/2-1/2"]
[WhiteElo "2347"]
[BlackElo "1924"]
[PlyCount "96"]
[EventType "tourn"]
[EventCountry "BOL"]
[SourceDate "2009.04.08"]

1. e4 c6 2. d4 d5 3. e5 Bf5 4. Be3 e6 5. Nd2 Nd7 6. Be2 Ne7 7. f4 c5 8. c3 Nc6
9. Ngf3 Qb6 10. b4 c4 11. h3 Be7 12. g4 Bg6 13. Kf2 a5 14. Nxc4 dxc4 15. d5 Qb5
16. dxc6 bxc6 17. Nd4 Qd5 18. Bf3 Be4 19. Bxe4 Qxe4 20. Qf3 Qxf3+ 21. Kxf3 axb4
22. cxb4 Bxb4 23. Nxc6 Ba3 24. Rab1 O-O 25. Rb5 Rfc8 26. Rd1 Rxc6 27. Rxd7 c3
28. Rb3 h6 29. Rd3 Bb2 30. f5 Rca6 31. Rb7 exf5 32. gxf5 Ra3 33. Rc7 c2 34.
Rxa3 Rxa3 35. Rxc2 Bxe5 36. Ke4 Bd6 37. Rg2 Kh7 38. Bd4 g6 39. Kd5 Bf4 40. f6
g5 41. Re2 Kg6 42. Kc4 Rxh3 43. a4 Ra3 44. Kb5 Rb3+ 45. Kc5 Ra3 46. Kb5 Rb3+
47. Kc4 Ra3 48. Kb5 Rb3+ 1/2-1/2

[Event "V Torneo Sudamericano Sub-20, Absoluto"]
[Site "Cochabamba"]
[Date "2009.04.10"]
[Round "4"]
[White "Fernandez, Fernando"]
[Black "Gemy, Jose"]
[Result "1-0"]
[WhiteElo "2317"]
[BlackElo "2188"]
[PlyCount "105"]
[EventType "tourn"]
[EventCountry "BOL"]
[SourceDate "2009.04.08"]

1. Nf3 Nf6 2. c4 b6 3. g3 Bb7 4. Bg2 c5 5. O-O e6 6. Nc3 Be7 7. d4 cxd4 8. Qxd4
Nc6 9. Qf4 O-O 10. Rd1 Qb8 11. Qxb8 Raxb8 12. Bf4 Rbc8 13. Bd6 Bxd6 14. Rxd6
Rfd8 15. Rad1 Kf8 16. b3 Ke7 17. Ng5 h6 18. Nge4 Nxe4 19. Bxe4 Na5 20. R6d3
Bxe4 21. Nxe4 Nb7 22. f4 f5 23. Nc3 d6 24. e4 Nc5 25. Re3 Nxe4 26. Nxe4 fxe4
27. Rxe4 Kf6 28. Rde1 Re8 29. Kf2 Rcd8 30. Rd1 Rd7 31. Kf3 Red8 32. g4 g5 33.
Rde1 Re7 34. f5 e5 35. Rd1 h5 36. h3 Rh7 37. Re2 Ke7 38. Ke4 hxg4 39. hxg4 Rh4
40. Rg2 Rh6 41. Rdd2 Rdh8 42. Kd5 Kd7 43. b4 Kc7 44. Rgf2 Rh4 45. f6 Rxg4 46.
f7 Rf4 47. Ke6 a5 48. bxa5 bxa5 49. Ke7 Kc6 50. Rxd6+ Kc5 51. Rxf4 gxf4 52.
Rd5+ Kxc4 53. Rxe5 1-0

[Event "V Torneo Sudamericano Sub-20, Femenino"]
[Site "Cochabamba"]
[Date "2009.04.10"]
[Round "5"]
[White "Cordero, Daniela"]
[Black "Mendoza, Samantha"]
[Result "1/2-1/2"]
[WhiteElo "1969"]
[BlackElo "1827"]
[PlyCount "47"]
[EventCountry "BOL"]
[SourceDate "2009.04.08"]

1. d4 b6 2. c4 Bb7 3. Nf3 e6 4. a3 Nf6 5. Nc3 d5 6. Bg5 Be7 7. cxd5 Nxd5 8.
Bxe7 Qxe7 9. e3 O-O 10. Bd3 Nd7 11. O-O c5 12. Nxd5 Bxd5 13. e4 Bb7 14. Qe2
cxd4 15. Nxd4 Nc5 16. b4 Nxd3 17. Qxd3 Qh4 18. f4 e5 19. Nf5 Qf6 20. Qg3 exf4
21. Qxf4 Bc8 22. Rad1 Bxf5 23. exf5 Rfd8 24. Qf3 1/2-1/2

[Event "V Torneo Sudamericano Sub-20, Femenino"]
[Site "Cochabamba"]
[Date "2009.04.10"]
[Round "5"]
[White "Feliciano, Vanessa"]
[Black "Vargas, Gabriela"]
[Result "0-1"]
[WhiteElo "2112"]
[BlackElo "2090"]
[PlyCount "82"]
[EventCountry "BOL"]
[SourceDate "2009.04.08"]

1. e4 e6 2. d4 d5 3. Nc3 Bb4 4. e5 c5 5. a3 Bxc3+ 6. bxc3 Ne7 7. h4 Nbc6 8. Nf3
Qa5 9. Bd2 Bd7 10. h5 h6 11. Rh4 c4 12. Rg4 Nf5 13. Nh4 Nxh4 14. Rxh4 Ne7 15.
Qb1 O-O-O 16. Qb4 Qxb4 17. cxb4 Ba4 18. O-O-O Kd7 19. g4 Nc6 20. g5 hxg5 21.
Bxg5 Rdf8 22. Bh3 Ne7 23. Bxe7 Kxe7 24. Rg1 Rfg8 25. Rgg4 Rh6 26. Kd2 Rgh8 27.
Rxg7 Rxh5 28. Rxh5 Rxh5 29. Rg3 Rh8 30. f4 Bd7 31. Bg2 b5 32. f5 exf5 33. Bxd5
Rh2+ 34. Rg2 Rh3 35. Rg7 Be6 36. Bc6 c3+ 37. Kd1 Bc4 38. Bg2 Re3 39. Rh7 f4 40.
Rh3 Be2+ 41. Kc1 f3 0-1

[Event "V Torneo Sudamericano Sub-20, Femenino"]
[Site "Cochabamba"]
[Date "2009.04.10"]
[Round "5"]
[White "Romero, Abigail"]
[Black "Borda, Carla"]
[Result "0-1"]
[WhiteElo "2057"]
[BlackElo "2022"]
[PlyCount "82"]
[EventCountry "BOL"]
[SourceDate "2009.04.08"]

1. e4 c6 2. d4 d5 3. e5 Bf5 4. Bd3 Bxd3 5. Qxd3 Qa5+ 6. Nd2 Qa6 7. c4 e6 8.
Ngf3 c5 9. b3 Nc6 10. O-O Rd8 11. dxc5 Bxc5 12. Bb2 Nge7 13. Qc2 Nb4 14. Qb1
dxc4 15. Nxc4 O-O 16. Ng5 Ng6 17. Ne4 Be7 18. a3 Nd5 19. Qc2 Rc8 20. Qd1 Rfd8
21. Qf3 Ndf4 22. Rad1 b5 23. Rxd8+ Bxd8 24. Ne3 Nd3 25. Nd6 Ndxe5 26. Qd1 Rb8
27. f4 Bb6 28. fxe5 Bxe3+ 29. Kh1 Rf8 30. Qe2 Bc5 31. Nxb5 Qb6 32. b4 Be3 33.
Re1 Bf2 34. Rf1 Be3 35. Rf3 a6 36. Nc3 Bd4 37. Na4 Qa7 38. Bxd4 Qxd4 39. Re3
Nf4 40. Qe1 Nd3 41. Qc3 Qxe3 0-1

[Event "V Torneo Sudamericano Sub-20, Femenino"]
[Site "Cochabamba"]
[Date "2009.04.10"]
[Round "5"]
[White "Orejuela, Paulina"]
[Black "Estrada, Lucia"]
[Result "1-0"]
[WhiteElo "1883"]
[BlackElo "1887"]
[PlyCount "117"]
[EventCountry "BOL"]
[SourceDate "2009.04.08"]

1. e4 e6 2. d4 d5 3. e5 c5 4. c3 Nc6 5. Nf3 Qb6 6. a3 Bd7 7. b4 cxd4 8. cxd4
Rc8 9. Be3 a5 10. b5 Nce7 11. Bd3 Nf5 12. O-O Nge7 13. Qb3 g6 14. Nc3 Bg7 15.
Rac1 O-O 16. Na4 Qa7 17. Rfe1 b6 18. h3 Nxe3 19. fxe3 Bh6 20. Nc3 Rc7 21. Nh2
Rfc8 22. Ng4 Bf8 23. Rf1 Be8 24. Qb2 Kg7 25. Nf6 Ng8 26. e4 dxe4 27. Ncxe4 Qb8
28. Rxc7 Rxc7 29. d5 Nxf6 30. Nxf6 Qc8 31. d6 Rc5 32. Qd4 Bd7 33. Qf4 Kh8 34.
Nxh7 Bg7 35. Qh4 Kg8 36. Ng5 Rc1 37. Qf2 Rxf1+ 38. Bxf1 Qc5 39. Qxc5 bxc5 40.
Nf3 Kf8 41. b6 Bc6 42. Ba6 Bxf3 43. gxf3 Bxe5 44. d7 Ke7 45. Bb5 c4 46. Kf1 c3
47. Ke2 c2 48. Kd2 Bd4 49. b7 Be5 50. Kxc2 Kd8 51. Kb3 Bc7 52. Kc4 g5 53. Bc6
f5 54. Kb5 e5 55. Ka6 Bb8 56. Kxa5 e4 57. fxe4 fxe4 58. Bxe4 Kxd7 59. Kb6 1-0

[Event "V Torneo Sudamericano Sub-20, Absoluto"]
[Site "Cochabamba"]
[Date "2009.04.10"]
[Round "5"]
[White "Gemy, Jose"]
[Black "Llacsahuanga, Diego"]
[Result "1-0"]
[WhiteElo "2188"]
[BlackElo "1830"]
[PlyCount "47"]
[EventType "tourn"]
[EventCountry "BOL"]
[SourceDate "2009.04.08"]

1. Nf3 Nf6 2. d4 g6 3. c4 Bg7 4. Nc3 O-O 5. e4 d6 6. Be2 e5 7. O-O exd4 8. Nxd4
Re8 9. f3 Nc6 10. Be3 Nh5 11. Nd5 f5 12. Nb5 f4 13. Bf2 Be5 14. Nbxc7 Qg5 15.
Re1 Bh3 16. Bf1 Ng3 17. hxg3 fxg3 18. Be3 Qh4 19. gxh3 Rf8 20. Nxa8 g5 21. Bg2
h5 22. Nac7 g4 23. fxg4 Rf2 24. Ne6 1-0